Exchange rate targets and currency bands (Record no. 179417)

MARC details
000 -LEADER
fixed length control field 00613nam a2200205Ia 4500
008 - FIXED-LENGTH DATA ELEMENTS--GENERAL INFORMATION
fixed length control field 191130s1992##################000#0#eng##
020 ## - INTERNATIONAL STANDARD BOOK NUMBER
ISBN 9780521435260
082 ## - DEWEY DECIMAL CLASSIFICATION NUMBER
Classification number 339 KRU
100 ## - MAIN ENTRY--AUTHOR NAME
Personal name Krugman, Paul
245 ## - TITLE STATEMENT
Title Exchange rate targets and currency bands
Statement of responsibility, etc Paul Krugman, Marcus Miller
260 ## - PUBLICATION, DISTRIBUTION, ETC. (IMPRINT)
Place of publication Cambridge
Name of publisher Cambridge University Press
Year of publication 1992
300 ## - PHYSICAL DESCRIPTION
Number of Pages xxii, 247p. : ill
500 ## - GENERAL NOTE
General note Includes bibliographical references and index
650 ## - SUBJECT ADDED ENTRY--TOPICAL TERM
Topical Term Economics
700 ## - ADDED ENTRY--PERSONAL NAME
Personal name Miller, Marcus
991 ## -
-- 167728
Holdings
Withdrawn status Lost status Damaged status Not for loan Home library Current library Shelving location Date acquired Full call number Accession Number Price effective from Koha item type
        Anna Centenary Library Anna Centenary Library 4TH FLOOR, A WING 13.10.2020 339 KRU 194000 13.10.2020 English Books

Find us on the map